| 000 | 00596nam a2200181 i 4500 | ||
|---|---|---|---|
| 001 | 49069 | ||
| 003 | ES-MaACL | ||
| 005 | 20230906161858.0 | ||
| 007 | t| | ||
| 008 | 030707s1973 sp ||||1| spa d | ||
| 100 | 1 |
_aCorral, Carlos. _940707 |
|
| 245 | 1 | 3 |
_aLa libertad religiosa en la Comunidad Europea : _bestudio comparado / _cCarlos Corral Salvador. |
| 260 |
_aMadrid : _bInstituto de Estudios PolĂticos, _c1973. |
||
| 300 |
_a685 p. ; _c21 cm. |
||
| 650 | 4 |
_aLibertad religiosa- _zEuropa. _9157242 |
|
| 710 | 2 |
_aInstituto de Estudios PolĂticos (Madrid) _94924 |
|
| 852 | 4 |
_aES-MaACL _jC-55247 |
|
| 999 |
_c49069 _d49069 |
||